Регионална библиотека "Любен Каравелов" - Русе

Прелестни създания (Запис номер 117833)

MARC детайли
000 -Лидер
Контролно поле с фиксирана дължина 01561nam a2200349 c 4500
003 - Код на организацията, давaща контролен номер
Контролно поле BLK
005 - Дата и час на последна редакция
Контролно поле 20240417154826.0
008 - Елементи от данни с фиксирана дължина
fixed length control field 180409b bul|||||r ||||||| ||bul||
010 ## - Наследен системен номер
LC control number KNG00123433000
020 ## - Международен стандартен номер на книга ISBN
Международен стандартен номер на книга ISBN 978-954-771-230-0
-- издат.: Кръгозор
040 ## - Източник на каталожния запис
Идентификатор на билиотеката - собственик на записа BLK
041 ## - Код за език
Код за езика на текст/звукозапис или на отделно заглавие Български
Код за езика КДБФ Български
080 ## - УДК
Текстов определител УДК Американска литература (на САЩ)
УДК код - определител по УДК 821.111(73)
УДК определител -31
УДК - код + определител 821.111(73)-31
100 1# - Редна дума - Автор
Автор Гарсия, Ками
Авторска отговорност първи автор
R(LIN) 280099
139 ## - Редно поле
Редна дума Гарсия, Ками и др.
Авторски знак Гар - Г 23
245 10 - Сведения за заглавието
Заглавие Прелестни създания
Подзаглавни данни Роман
Редно поле (дума) Ками Гарсия; съавт. Маргарет Стоъл; прев. Паулина Стойчева Мичева.
257 ## - Страна на издаване
Страна на създаване/издаване Съединени американски щати
260 ## - Област на издателските данни
-- София
Име на издателя, разпространителя и проч. Кръгозор
Година на издаване 2010
Печатница София : Експреспринт
300 ## - Физическа характеристика
Страници 416 с.
Размери/Мащаб 21 см
380 ## - Жанр
Жанр Худож. лит.
490 1# - СЕРИИ (Колекции)
Име на серия Хроники на чародейците
№: серия Кн. 1
500 ## - Общи забележки
Забележка Ориг. загл. : Beautiful Creatures / Kami Garcia, Margaret Stohl. - Съдържа и за авт. На кор. означ. Кн. 1 от Хроники на чародейците.
653 ## - Ключова дума – ненормативна
Ключова дума романи
700 1# - Други автори (авторска отговорност)
Лично име Стоъл, Маргарет
Автороска отговорност (Описва отношението между автора и произведението) съавт.
9 (RLIN) 125687
700 ## - Други автори (авторска отговорност)
Лично име Мичева, Паулина Стойчева
9 (RLIN) 368043
852 ## - Местоположение
Форматна сигнатура Цб 251821
856 4# - Електронен адрес и достъп
Електронен формат pdf - файл
Път до файла /url/
856 4# - Електронен адрес и достъп
Електронен формат pdf - файл
Път до файла /url/
942 ## - АРТИКУЛИ
Вид на библиотечния материал Книги
Скрит в OPAC Не
Koha issues (borrowed), all copies 10
944 ## - СЪЗДАВАНЕ И РЕДАКЦИЯ на ЗАПИСА
Създаване/Редакция Създаване
Дата на регистрацията/редакция 03.06.2011
Статус, дата на статуса Геновева Генчева
Служител, извършил регистрацията/редакцията 30560
944 ## - СЪЗДАВАНЕ И РЕДАКЦИЯ на ЗАПИСА
Създаване/Редакция Редакция
Дата на регистрацията/редакция 28.04.2015
Статус, дата на статуса ф /
Служител, извършил регистрацията/редакцията Виолета_Тройчева
999 ## - СИСТЕМНИ КОНТРОЛНИ НОМЕРА
Koha biblionumber 117833
Koha biblioitemnumber 117833
Наличности
Код за отписване Код за изгубен артикул Код за повреда Коз за рестрикции Код за отдаване Артикулен № Име на библиотеката - собственик Име на библиотеката, в която се намира в момента Статус (Текущо местоположение) Дата на вписване в системата Местоположение - отдел Цена в лева Инвентарен номер Систематично азбучна сигнатура Баркод Номер на екземпляра Цена в евро Служебна бележка Служебен тип на артикула Източник на класификационната схема
  Не е изгубен Не е повреден без рестрикции ползва се в читалня 190035 Регионална библиотека "Любен Каравелов" Русе Регионална библиотека "Любен Каравелов" Русе Хранилище 2011-06-02 Хранилище 14.00 120000750977 Цб 251821 120000750977 1 7.16 Дост: Dp Вид: Д N: 1 Дата: 03.01.2011 Книги  
  Не е изгубен Не е повреден без рестрикции заемане за дома 190036 Регионална библиотека "Любен Каравелов" Русе Регионална библиотека "Любен Каравелов" Русе Заемна - подръчен фонд 2011-12-19 Заемна - подръчен фонд 14.00 120000755872 П 821-31/Г 23 120000755872 2 7.16 Дост: Pk Вид: Ф N: 291 Дата: 15.12.2011 Дата инв: 19.02.2018 Бележки инв: П2018 Книги Universal Decimal Classification
Vip Innovations Ltd, Rousse, Bulgaria 2025